| 000 | 00500nam a2200169Ia 4500 | ||
|---|---|---|---|
| 999 |
_c25953 _d25953 |
||
| 003 | OSt | ||
| 005 | 20201202100725.0 | ||
| 008 | 190216s9999||||xx |||||||||||||| ||und|| | ||
| 040 | _coclc | ||
| 082 |
_a894.8123 _bVIL/N |
||
| 100 |
_aVilasini _96772 |
||
| 245 | 0 |
_aNiramulla Nizhalukal / _cVilasini |
|
| 260 |
_bThe Mathrubhumi Printing And Publishers, _c1998. _aKozhikode: |
||
| 300 | _a470p | ||
| 650 | _aMalayalam Novel | ||
| 942 |
_cBK _2ddc _h894.8123 _iVIL/N _k894.8123 _mVIL/N |
||